| 000 -ლიდერი |
| ფიქსირებული სიგრძის საკონტროლო ველი |
01292nam a22002417a 4500 |
| 003 - საკონტროლო ნომრის იდენტიფიკატორი |
| საკონტროლო ველი |
Ge_BSU |
| 005 - ბოლო ოპერაციის თარიღი და დრო |
| საკონტროლო ველი |
20240708165428.0 |
| 008 - ფიქსირებული სიგრძის მონაცემთა ელემენტები - ზოგადი ინფორმაცია |
| ფიქსირებული სიგრძის საკონტროლო ველი |
240708s2020 ge ||||| |||| 00| 0 geo d |
| 020 ## - წიგნის საერთაშორისო სტანდარტული ნომერი |
| International Standard Book Number |
9789941320309 |
| 041 ## - ენის კოდი |
| Language code of text/sound track or separate title |
geo |
| 080 ## - უნივერსალური ათობითი კლასიფიკაციის ინდექსი |
| Universal Decimal Classification number |
005.342+159.955 ი-22 |
| 100 ## - მთავარი ჩანაწერი - პიროვნების სახელი |
| Personal name |
იანტბელიძე, კოტე |
| Relator term |
ავტორი. |
| 9 (RLIN) |
10169 |
| 245 ## - ცნობა სათაურის შესახებ |
| Title |
როგორ მოვიფიქროთ იდეა / |
| Statement of responsibility, etc |
კოტე იანტბელიძე ; სარედ. ჯგუფი: თეა ბარამაშვილი, ნანა კვატაშიძე, სვეტა კვარაცხელია [და სხვა]. |
| 264 ## - წარმოების, გამოცემის, დისტრიბუციის და სხვა ცნობები |
| გამოცემის, წარმოების, დისტრიბუციის... ადგილი |
თბილისი : |
| გამოცემის, წარმოების, დისტრიბუციის... სახელწოდება |
პალიტრა L, |
| გამოცემის, წარმოების, დისტრიბუციის... თარიღი |
2020. |
| 300 ## - ფიზიკური აღწერა |
| Extent |
167 გვ. : |
| Other physical details |
ილ. ; |
| Dimensions |
21 სმ. |
| 440 ## - სერიის ცნობა / დამატებულია ჩანაწერი - სათაური |
| Title |
ლურჯი ოკეანე |
| 9 (RLIN) |
22765 |
| 653 ## - INDEX TERM--UNCONTROLLED |
| Uncontrolled term |
ინოვაცია. აზროვნება |
| 653 ## - INDEX TERM--UNCONTROLLED |
| Uncontrolled term |
მენეჯმენტი |
| 653 ## - INDEX TERM--UNCONTROLLED |
| Uncontrolled term |
ფსიქოლოგია |
| 700 ## - ADDED ENTRY--PERSONAL NAME |
| Personal name |
ბარამაშვილი, თეა |
| Relator term |
სარედაქციო ჯგუფი |
| 9 (RLIN) |
22766 |
| 700 ## - ADDED ENTRY--PERSONAL NAME |
| Personal name |
კვატაშიძე, ნანა |
| Relator term |
სარედაქციო ჯგუფი და სხვ. |
| 9 (RLIN) |
22767 |
| 942 ## - ADDED ENTRY ELEMENTS (KOHA) |
| Source of classification or shelving scheme |
|
| Koha item type |
წიგნი |